| 000 | 00485nam a2200145Ia 4500 | ||
|---|---|---|---|
| 008 | 210716s2014 xx 000 0 und d | ||
| 020 | _a9789332518346 | ||
| 041 | _aeng | ||
| 082 | _a658.401 ANUR | ||
| 100 | _aAnupindi, Ravi; Chopra, Sunil; Deshmukh, Sudhakar D; Zemel, Eitan. | ||
| 245 |
_aManaging business process flows: principles of operations management. _bPrinciples of operations management. |
||
| 250 | _a1 | ||
| 260 |
_aNew Delhi _bPearson Education _c2014 |
||
| 300 | _a344 | ||
| 999 |
_c209624 _d209624 |
||